<?xml version="1.0" encoding="UTF-8"?><?xml-stylesheet type="text/xsl" href="static/style.xsl"?><OAI-PMH xmlns="http://www.openarchives.org/OAI/2.0/" xmlns:xsi="http://www.w3.org/2001/XMLSchema-instance" xsi:schemaLocation="http://www.openarchives.org/OAI/2.0/ http://www.openarchives.org/OAI/2.0/OAI-PMH.xsd"><responseDate>2026-04-28T19:52:52Z</responseDate><request verb="GetRecord" identifier="oai:uvadoc.uva.es:10324/30558" metadataPrefix="marc">https://uvadoc.uva.es/oai/request</request><GetRecord><record><header><identifier>oai:uvadoc.uva.es:10324/30558</identifier><datestamp>2021-06-29T22:13:17Z</datestamp><setSpec>com_10324_38</setSpec><setSpec>col_10324_852</setSpec></header><metadata><record xmlns="http://www.loc.gov/MARC21/slim" xmlns:doc="http://www.lyncode.com/xoai" xmlns:xsi="http://www.w3.org/2001/XMLSchema-instance" xmlns:dcterms="http://purl.org/dc/terms/" xsi:schemaLocation="http://www.loc.gov/MARC21/slim http://www.loc.gov/standards/marcxml/schema/MARC21slim.xsd">
<leader>00925njm 22002777a 4500</leader>
<datafield tag="042" ind1=" " ind2=" ">
<subfield code="a">dc</subfield>
</datafield>
<datafield tag="720" ind1=" " ind2=" ">
<subfield code="a">Gómez Yagüe, Elena</subfield>
<subfield code="e">author</subfield>
</datafield>
<datafield tag="260" ind1=" " ind2=" ">
<subfield code="c">2018</subfield>
</datafield>
<datafield tag="520" ind1=" " ind2=" ">
<subfield code="a">El aprendizaje cooperativo es una metodología que ha empezado a tomar importancia en España hace relativamente poco, de ahí el interés por su estudio. En el presente Trabajo de Fin de Grado (TFG) se presenta una revisión bibliográfica que parte del juego, pasa por el aprendizaje cooperativo y llega hasta los retos cooperativos dentro de la Educación Física. Además, se muestra una propuesta de intervención didáctica en Primaria y su respectivo análisis.&#xd;
La finalidad de este trabajo es realizar una propuesta didáctica que proporcione una metodología más amplia, en la que todos los alumnos sean cual sean sus capacidades y habilidades sean bienvenidos. Busca fomentar ciertos valores escasos en la educación y ver la evolución de los alumnos. Se ha llevado a cabo en 2º de Primaria (7-8 años), en un colegio concertado de Segovia, se ha implementado en dos clases diferentes, con un total de 51 alumnos, 25 y 26.</subfield>
</datafield>
<datafield tag="024" ind2=" " ind1="8">
<subfield code="a">http://uvadoc.uva.es/handle/10324/30558</subfield>
</datafield>
<datafield ind1=" " ind2=" " tag="653">
<subfield code="a">Aprendizaje cooperativo</subfield>
</datafield>
<datafield ind1=" " ind2=" " tag="653">
<subfield code="a">Educación Física-Estudio y enseñanza</subfield>
</datafield>
<datafield tag="245" ind1="0" ind2="0">
<subfield code="a">El aprendizaje cooperativo en Educación Física: una propuesta didáctica de retos cooperativos</subfield>
</datafield>
</record></metadata></record></GetRecord></OAI-PMH>